00000000nam 2200000zi 4500
0019.950208
003CaOODSP
00520250821120228
006m     o  d f      
007cr cn|||||||||
008250416t20252025onc     o    f000 0 eng d
020 |a9780660769615
040 |aCaOODSP|beng|erda|cCaOODSP
043 |an-cn---
0861 |aH149-34/5-2025E-PDF|zH149-34/5-2025E
24500|aTobacco and vaping products promotion restrictions on the internet and social media.
264 1|a[Ottawa] : |bHealth Canada = Santé Canada, |c2025.
264 4|c©2025
300 |a1 online resource (1 unnumbered page)
336 |atext|btxt|2rdacontent
337 |acomputer|bc|2rdamedia
338 |aonline resource|bcr|2rdacarrier
500 |aCaption title.
500 |aIncorrect catalogue number (H149-34/5-2025E) printed in this publication.
500 |aIssued also in French under title: Restrictions sur la promotion des produits du tabac et de vapotage sur internet et sur les médias sociaux.
520 |a"Reminder to manufacturers, importers, distributors, retailers and festivals and events organizers of tobacco and vaping products"--Page [1].
530 |aIssued also in printed form.
61010|aCanada. |tTobacco and Vaping Products Act.
650 0|aTobacco products|xLaw and legislation|zCanada.
650 0|aVaping|xLaw and legislation|zCanada.
650 0|aYouth|xTobacco use|zCanada.
650 0|aInternet advertising|zCanada.
650 0|aSocial media and youth|zCanada.
7101 |aCanada. |bHealth Canada, |eissuing body.
77508|tRestrictions sur la promotion des produits du tabac et de vapotage sur internet et sur les médias sociaux.|w(CaOODSP)9.950210
7760#|tThe Tobacco and Vaping Products Act : |w(CaOODSP)9.950209
85640|qPDF|s39.4 KB|uhttps://publications.gc.ca/collections/collection_2025/sc-hc/H149-34-5-2025-eng.pdf
986 |a250024